书目信息 |
| 题名: |
装修选材一本就够
|
|
| 作者: | ;理想·宅 编 | |
| 分册: | ||
| 出版信息: | 北京 化学工业出版社 2017.9 |
|
| 页数: | 184页 | |
| 开本: | 24cm | |
| 丛书名: | ||
| 单 册: | ||
| 中图分类: | TU56 | |
| 科图分类: | ||
| 主题词: | 住宅--室内装修--装修材料--基本知识 | |
| 电子资源: | ||
| ISBN: | 978-7-122-28610-9 | |
| 000 | 00899nam0 2200253 450 | |
| 001 | 0400003028 | |
| 005 | 20171021173305.0 | |
| 010 | @a978-7-122-28610-9@dCNY39.80 | |
| 100 | @a20170328d2017 em y0chiy50 ea | |
| 101 | 0 | @achi |
| 102 | @aCN@b110000 | |
| 105 | @aa z 000yy | |
| 106 | @ar | |
| 200 | 1 | @a装修选材一本就够@9zhuang xiu xuan cai yi ben jiu gou@e畅销升级版@f理想·宅编 |
| 210 | @a北京@c化学工业出版社@d2017.9 | |
| 215 | @a184页@c图@d24cm | |
| 300 | @a超实用装修宝典 | |
| 330 | @a本书基本上涵盖了家庭装修中主要基础材料与辅材的相关知识,包括 了家庭装修材料的主要类别和性能,着重从材料的搭配使用、表现形式以及选购要点等方面进行了翔实的介绍。 | |
| 517 | 1 | @a畅销升级版@9chang xiao sheng ji ban |
| 606 | 0 | @a住宅@x室内装修@x装修材料@x基本知识 |
| 690 | @aTU56@v5 | |
| 711 | 02 | @a理想·宅@9li xiang · zhai@4编 |
| 801 | 0 | @aCN@b91MARC@c20171021 |
| 905 | @b1035441-5@dTU56@f5@e1237 | |
| 装修选材一本就够:畅销升级版/理想·宅编.-北京:化学工业出版社,2017.9 |
| 184页:图;24cm |
| 超实用装修宝典 |
| ISBN 978-7-122-28610-9:CNY39.80 |
| 本书基本上涵盖了家庭装修中主要基础材料与辅材的相关知识,包括 了家庭装修材料的主要类别和性能,着重从材料的搭配使用、表现形式以及选购要点等方面进行了翔实的介绍。 |
| ● |
| 相关链接 |
|
|
|
|
正题名:装修选材一本就够
索取号:TU56/1237
 
预约/预借
| 序号 | 登录号 | 条形码 | 馆藏地/架位号 | 状态 | 备注 |
| 1 | 1035441 | 210354418 | 第二样本阅览室/ [索取号:TU56/1237] | 在馆 | |
| 2 | 1035442 | 210354427 | 密集书库-生命科学系/ [索取号:TU56/1237] | 在馆 | |
| 3 | 1035443 | 210354436 | 第三借阅区/ [索取号:TU56/1237] | 在馆 | |
| 4 | 1035444 | 210354445 | 第三借阅区/ [索取号:TU56/1237] | 在馆 | |
| 5 | 1035445 | 210354454 | 第三借阅区/ [索取号:TU56/1237] | 在馆 |